000 00775nam a2200265 i 4500
001 C2-0246070
003 PPAK
005 20180727210914.0
008 030320s2002 my a|||| ||||| | may d
020 _a9676113255
040 _aPPAK
_beng
_cPPAK
_erda
082 0 4 _a899.233
_223
090 0 0 _a899.233
_bZUL
_dK
100 0 _aZulkifli Mansor,
_eauthor
245 1 0 _aDi bawah bayangan piramid
264 1 _aKuala Lumpur :
_bUtusan Publications & Distributors ,
_c2002
300 _a145 pages :
_billustrations ;
_c18 cm
336 _2rdacontent
_atext
337 _2rdamedia
_aunmediated
338 _2rdacarrier
_avolume
490 1 _aSiri pengembaraan kaji purba
650 1 0 _aChildren's stories, Malay
830 0 _aSiri pengembaraan kaji purba
942 _ddc
_cB
999 _c60050
_d60050